000
00258nam a2200097Ia 4500
008
170620s9999 xx 000 0 und d
100
_a
Jain.Deepak/Major
245
0
_a
Encyclopaedia of Tech.and Coaching Physical Education
260
_b
New delhi.Khel.S.k
260
_c
2001
300
_a
99
999
_c
27639
_d
27639